00463 a2200109 4500082001100000100002200011245005400033260008100087300003900168500008900207856005700296 aMSIT-8 aMuhammad Mudassar aRDF overlay for HDFS and HBasecMuhammad Mudassar aIslamabadbNUST School of Electrical Engineering and Computer Sciencec2011. aviii, 48p.b:ill.c;27cm.+eCD-ROM aSupervisors: Dr. Khalid Latif, Dr. Sharifullah Khan, Dr. Zahid Anwar, Muhammad Bilal uhttp://10.250.8.41:8080/xmlui/handle/123456789/10244